| 000 | 00901nam a2200289Ia 4500 | ||
|---|---|---|---|
| 001 | 88709 | ||
| 003 | IT-RoPAU | ||
| 008 | 130308s9999 xx 000 0 und d | ||
| 040 | _aIT-RoPAU | ||
| 040 | _cIT-RoPAU | ||
| 041 | _aFRANCESE | ||
| 100 | _aLeclere Pierre | ||
| 100 | _gCodice Aut. SPICS: 31714 | ||
| 245 | _a"Philosophie du langage et ""methode""-Hymne au polybouclage a visage humain" | ||
| 245 | _bArguments pour Une Methode (Autour D'Edgar Morin) | ||
| 250 | _a1a ed. | ||
| 260 | _aPARIS | ||
| 260 | _bSeuil | ||
| 260 | _c1990 [1° Ed.:1990 - Ed.Ling.Originale:1986] | ||
| 300 | _a"8 p. (prefazione: no ; testo: 8 [pagine: 135-142])" | ||
| 500 | _aFilosofia del Linguaggio e Metodo Linguaggio e Verità Linguaggio e Affettivita' | ||
| 650 | _aSOCIOLOGIA DELLA COMUNICAZIONE SOCIALE | ||
| 650 | _eCodice materia Spics: 3806 | ||
| 942 | _cBK | ||
| 957 | _71 | ||
| 999 |
_c80446 _d80446 |
||
| 999 | _g1 | ||